Представление документа в формате MARC21

Поле Инд. ПП Название Значение
Тип записи a
Библиографический уровень m
001 Контрольный номер RU/IS/BASE/447423607
005 Дата корректировки 20260601124820.8
020 a ISBN 978-5-394-04289-8
080 a Индекс УДК 33
091 a Индекс ББК (DOS) У422-803я7
097 b Оператор *Ир*
100 1_ a Автор Памбухчиянц О.В.
245 10 a Заглавие Организация торговли
b Продолж. заглавия учебник для учреждений, реализующих программы СПО
b Продолж. заглавия в составе учебно-методического комплекса
250 a Основные сведения об издании 3-е изд.
260 a Место издания Москва
b Издательство Дашков и К
c Дата издания 2025
440 _0 a Серия Среднее профессиональное образование
a Серия УМК-У
516 8_ a Прим. о типе комп. файла/ данных Текст : электронный
a Прим. о типе комп. файла/ данных Режим доступа: по подписке
a Прим. о типе комп. файла/ данных Дата обращения: 01.06.2026
520 0_ a Аннотация Учебник подготовлен в соответствии с ФГОС СПО по специальности 100701 "Коммерция" (по отраслям) (квалификация - менеджер по продажам). В учебнике с учетом современного опыта рассматриваются вопросы организации и технологии торговых процессов на предприятиях оптовой и розничной торговли. Для студентов и преподавателей учебных заведений среднего профессионального образования, а также специалистов коммерческих служб торговых организаций, начинающих предпринимателей и слушателей школ бизнеса. Гриф
535 1_ a Хранилище ЭБС Лань
535 1_ a Хранилище ЭБС Университетская библиотека онлайн
583 a Действие Приписка : УМК
653 0_ a Ключевые слова Оптовая торговля
a Ключевые слова Розничная торговля
a Ключевые слова Тарные операции
a Ключевые слова Товародвижение
a Ключевые слова Транспортные операции
653 0_ a Ключевые слова Организация
653 0_ a Ключевые слова СПО
773 18 w Контрольный № источника 117766
w Контрольный № источника 9b929dd0d24b464a8157108b9124e9cb
w Контрольный № источника 670889b046e0446f8c1d5bec5177257e
856 40 u URL https://e.lanbook.com/book/229574
u URL https://biblioclub.ru/index.php?page=book&id=720276
901 t Тип документа m
905 b Дата создания записи обработка 21.07.22
c Дата приписки 01.06.26